| 000 | 00535nam a2200181 4500 | ||
|---|---|---|---|
| 003 | SEACOMMC | ||
| 005 | 20250513155226.0 | ||
| 008 | 250409b |||||||| |||| 00| 0 eng d | ||
| 020 |
_a81-219-2215-1 _cRs.325.00 |
||
| 040 | _aSEACOMMC | ||
| 082 |
_a 621.3815 _bS 617 |
||
| 100 | _a Singh, Anokh | ||
| 245 | 1 |
_aFundamentals of Digital Electronics and Microprocessors / _c Anokh Singh [and] A.K. Chhabra |
|
| 250 | _a3rd rev.&enlarged ed. | ||
| 260 |
_a New Delhi _b S. Chand Publishers _c 2009 |
||
| 650 | _aElectronics | ||
| 942 | _cBOOK | ||
| 999 |
_c1188 _d1188 |
||